Państwa według podpowiedzi - litera M - Statystyki

Ogólne statystyki
  • Ten quiz został rozwiązany 34 razy
    11 od ostatniego zresetowania
  • Średni wynik to 11 z 17
Statystyki odpowiedzi
Podpowiedź Państwo % Poprawnych
Leży pomiędzy Albanią a Bułgarią Macedonia Północna
100%
Jest czwartą największą wsypą na świecie Madagaskar
90%
90% powierzchni tego państwa pokrywa Sahara Mauretania
90%
Leży na południe od USA Meksyk
90%
Jest szóstym najmniej zaludnionym państwem świata Mongolia
80%
Jedyne państwo które ma broń nowoczesną na swojej fladze Mozambik
80%
Znajduje się tam największe rondo na świecie Malezja
70%
To państwo od Europy dzieli odległość zaledwie 13 km Maroko
70%
Jego stolicą jest Port Louis Mauritius
70%
Wino tam nie jest uznawane za alkohol Mołdawia
70%
To państwo afrykańskie zamieszkuje około 5 Polaków Mali
60%
Jeżeli do flagi Litwy dodasz po środku gwiazdę, powstanie flaga tego państwa Mjanma
60%
Jego językiem urzędowym jest francuski Monako
50%
Największą grupą etniczną jest Chewa Malawi
40%
Muszle były tam używane jako waluta Malediwy
40%
Zajmuje trzecie miejsce na świecie pod względem eksploatacji złoża mineralnego guana Mikronezja
40%
Narodowe jego danie to Stuffat tal-fenek Malta
20%
Nie znaleziono quizów pasujących do podanych kryteriów
Rozkład punktacji
Procent ludzi z każdym wynikiem
Percentyl według liczby udzielonych odpowiedzi
Twoja historia wyników
Nie rozwiązałeś tego quizu od ostatniego zresetowania